00847cam a2200241 i 45000010005000000030008000050050017000130080041000300200015000710350018000860400023001040410011001270820023001382450091001612600044002523000025002964900071003215000056003925040041004486500023004897000051005128300042005638697BD-RjUL20211208234632.0160907s1977 nyu b 000 0 eng  a0306109395 a(BD-RjUL)8742 aDLCcDLCdDLCbeng1 aengrus00a537.623bSUP 1977 00aSuperconductivity /cedited by N. G. Basov ; translated from Russian by G. D. Archard. aNew York :bConsultants Bureau,cc1977. aix, 168 p. :c28 cm.1 aProceedings (Trudy) of the P. N. Lebedev Physics Institute ; v. 86 aTranslation of Nekotorye voprosy sverkhprovodimosti aIncludes bibliographical references. 0aSuperconductivity.1 aBasov, N. G.q(Nikolaĭ Gennadievich),d1922- 0aTrudy Fizicheskogo instituta.vv. 86.